Mathematical Physics
Spremljeno u:
| Glavni autor: | |
|---|---|
| Format: | Knjiga |
| Jezik: | engleski |
| Izdano: |
Reading
Addison-Wesley
1968
|
| Izdanje: | 1a. ed |
| Serija: | Addison-Wesley Series in Advanced Physics
|
| Teme: | |
| Oznake: |
Dodaj oznaku
Bez oznaka, Budi prvi tko označuje ovaj zapis!
|
MARC
| LEADER | 00000cam a2200000 a 4500 | ||
|---|---|---|---|
| 001 | UCF4098 | ||
| 003 | CL-VaPUC | ||
| 005 | 20241108152130.0 | ||
| 008 | 121122e19680000US |||||||||||||||||eng|d | ||
| 999 | |c 350075 |d 350073 | ||
| 020 | |a 0201007274 | ||
| 040 | |c Pontificia Universidad Católica de Valparaíso | ||
| 082 | 0 | 4 | |a 530.15 |b BUT |2 21 |
| 100 | 0 | |a Butkov, Eugene |e author |9 565744 | |
| 245 | 1 | 0 | |a Mathematical Physics |
| 250 | |a 1a. ed | ||
| 260 | |a Reading |b Addison-Wesley |c 1968 | ||
| 300 | |a 735 p | ||
| 490 | 0 | |a Addison-Wesley Series in Advanced Physics | |
| 583 | |a last modification |c 20121122 14:17:00 |k Rodrigo Vera | ||
| 650 | |a Matemáticas aplicadas |9 342401 | ||
| 650 | |a Matemáticas puras |9 444530 | ||
| 650 | |a Física matemática |9 260981 | ||
| 650 | |a Matemáticas Aplicadas |9 342401 | ||
| 650 | |a Teoría de los Tensores |9 893443 | ||
| 942 | |c BK |2 ddc | ||
| 945 | |d 20121122 00:00:00 |a cmena | ||
| 952 | |0 0 |1 0 |4 0 |6 530_150000000000000_BUT_1968 |7 0 |8 A |9 453063 |a BIBCUR |b BIBCUR |d 2019-11-22 |i 4924495 |l 9 |m 11 |o 530.15 BUT 1968 |p 4924495 |r 2025-04-22 |s 2023-05-02 |w 2019-11-22 |y BK |k FIS | ||